Teach yourself books mechanics (Record no. 544237)
[ view plain ]
| 000 -LEADER | |
|---|---|
| fixed length control field | 00357nam a22001337a 4500 |
| 082 ## - DEWEY DECIMAL CLASSIFICATION NUMBER | |
| Classification number | 531 |
| Author Mark | ABB |
| -- | L-5 , P-202 |
| 100 ## - MAIN ENTRY--PERSONAL NAME | |
| Personal name | Abbot, P |
| 9 (RLIN) | 39810 |
| 245 ## - TITLE STATEMENT | |
| Title | Teach yourself books mechanics |
| Statement of responsibility, etc. | Abbot, P |
| 300 ## - PHYSICAL DESCRIPTION | |
| Extent | xxii, 271 p. : |
| Other physical details | ill |
| Dimensions | 18 cm |
| 526 ## - STUDY PROGRAM INFORMATION NOTE | |
| Program name | 0 |
| Interest level | 0 |
| Reading level | 0 |
| Title point value | 531_000000000000000_ABB |
| 650 ## - SUBJECT ADDED ENTRY--TOPICAL TERM | |
| Topical term or geographic name entry element | MCE |
| 9 (RLIN) | 379 |
| 700 ## - ADDED ENTRY--PERSONAL NAME | |
| Personal name | Abbot, P |
| 9 (RLIN) | 39810 |
| 942 ## - ADDED ENTRY ELEMENTS (KOHA) | |
| Source of classification or shelving scheme | |
| Koha item type | Book |
| Withdrawn status | Lost status | Source of classification or shelving scheme | Damaged status | Not for loan | Permanent Location | Current Location | Date acquired | Total Checkouts | Full call number | Barcode | Date last seen | Price effective from | Koha item type |
|---|---|---|---|---|---|---|---|---|---|---|---|---|---|
| Military College of Engineering (MCE) | Military College of Engineering (MCE) | 04/16/2014 | 531 ABB | MCE-29153 | 04/16/2014 | 04/16/2014 | Book |
